Direitos e garantias constitucionais : (Record no. 546)

MARC details
000 -LÍDER
Campo Fixo de Controle 00801nam a2200229 a 4500
001 - NÚMERO DE CONTROLE
Campo de Controle 546
003 - IDENTIFICAÇÃO DO NÚMERO DE CONTROLE
Campo de Controle BR-CuiBMT
005 - DATA E HORA DA ÚLTIMA ATUALIZAÇÃO
Campo de Controle 20231114185229.0
008 - DADOS FIXOS
Dados Fixos 231109s 2012mgb 001 0 por d
020 ## - INTERNATIONAL STANDARD BOOK NUMBER
Nº do ISBN 9788577005413
040 ## - AGÊNCIA CATALOGADORA
Código da Agência Catalogadora BR-CuiBMT
Agência que transcreveu o registro BR-CuiBMT
080 ## - Nº DA CLASSIFICAÇÃO DECIMAL UNIVERSAL
Nº edição CDU 2007
Nº Class. CDU 341.231.14
090 ## - NÚMERO DE CHAMADA
Nº classificação 341.231.14
Cutter M838d
100 1# - ENTRADA PRINCIPAL -- AUTOR PESSOAL
Nome pessoal Moreira, Nelson Camatta
245 10 - TÍTULO PRINCIPAL
Título principal Direitos e garantias constitucionais :
Subtítulo e tratados internacionais de direitos humanos /
Indicação de responsabilidade Nelson Camatta Moreira ; Flávia Piovesan, prefácio ; Lenio Luiz Streck, apresentação.
260 ## - PUBLICAÇÃO, DISTRIBUIÇÃO, ETC.
Local de publicação Belo Horizonte :
Editora Fórum,
Data 2012.
300 ## - DESCRIÇÃO FÍSICA
N. páginas ou volumes 206 p. ;
Dimensões 21 cm
504 ## - NOTA DE BIBLIOGRAFIA, ETC.
Nota de bibliografia Inclui bibliografia e índice.
650 ## - ASSUNTO TÓPICO
Cabeçalho tópico ou nome geográfico Direitos humanos (direito internacional público)
650 ## - ASSUNTO TÓPICO
Cabeçalho tópico ou nome geográfico Proteção internacional
942 ## - ELEMENTOS DE ENTRADA ADICIONAIS (KOHA)
Fonte de classificação ou esquema de arquivamento Classificação Decimal Universal
Tipo de item do Koha Livros
Holdings
Estado: removido Estado: perdido Fonte de classificação ou esquema de arquivamento Estado: danificado Indisponível para empréstimo Localização permanente Localização atual Data de aquisição Total Checkouts Número de Chamada completo Código de barras Date last seen Número do exemplar Preço efetivo a partir de Tipo de item (Koha)
    Classificação Decimal Universal     Biblioteca da Escola Superior de Contas do TCE/MT Biblioteca da Escola Superior de Contas do TCE/MT 28/07/2023   341.231.14 M838d BIBTCEMT23110339 09/11/2023 Ex. 1 09/11/2023 Livros
    Classificação Decimal Universal     Biblioteca da Escola Superior de Contas do TCE/MT Biblioteca da Escola Superior de Contas do TCE/MT 28/07/2023   341.231.14 M838d BIBTCEMT23110340 09/11/2023 Ex. 2 09/11/2023 Livros

Powered by Koha